Statistics for Lyrics - If Only - Dove Cameron

Click here to take the quiz!

General Stats

  • This quiz has been taken 176 times
  • The average score is 220 of 257

Answer Stats

Lyrics% Correct
I,
100%
I
100%
A
98%
a
98%
if
96%
If
96%
only,
96%
only
96%
be
94%
me
94%
the
94%
in
93%
my
92%
what
91%
could
90%
is
90%
Oh
90%
Oh,
90%
to
90%
To
90%
heart
89%
should
89%
Should
89%
'til
89%
just
88%
telling
88%
this
88%
you
88%
dream?
87%
go?
87%
head
87%
thoughts
87%
keep
86%
listening?
86%
million
86%
was
86%
we
86%
when
86%
yeah
86%
Yeah
86%
Am
85%
am
85%
let
85%
way
85%
all
84%
crazy?
84%
Will
84%
With
84%
with
84%
I'm
83%
right
83%
Which
83%
wrong,
83%
know
82%
what's
82%
'Cause
81%
Maybe
81%
now
81%
can't
80%
Don't
80%
knew
80%
still
80%
magic's
79%
of
79%
something
79%
up
79%
feeling,
78%
but
77%
decide
77%
read
77%
who
77%
front
76%
happen,
76%
meant
76%
missing
75%
I've
74%
signs
74%
find
73%
lost
73%
out?
73%
line
72%
Nothing
71%
run
69%
walked
66%
every
58%
Every
58%
have
56%
new,
56%
Ah
55%
word
55%
step,
54%
falling
53%
hour
51%
never
50%
been
49%
someone
48%
brave
46%

Score Distribution

Percentile by Number Answered

Percent of People with Each Score

Your Score History

You have not taken this quiz